| 000 | 00000nas 2200000za 4500 |
| 001 | 9.830973 |
| 003 | CaOODSP |
| 005 | 20221107145640 |
| 007 | cr ||||||||||| |
| 008 | 170120i19121914onc x m#os f0 a0eng|d |
| 040 | |aCaOODSP|beng |
| 041 | |aeng|bfre |
| 043 | |an-cn--- |
| 086 | 1 |aCS98-1911PE-PDF |
| 130 | 0 |aBulletin (Fifth census of Canada) |
| 245 | 10|aBulletin, fifth census of Canada |h[electronic resource]. |
| 260 | |aOttawa : |bDept. of Trade and Industry : |bCensus and Statistics Office, |c1912-1914. |
| 500 | |aTitle from caption. |
| 500 | |aEach issue has a distinctive title. |
| 500 | |aChiefly tables. |
| 500 | |aIssued also in French under title: Bulletin, cinquième recensement du Canada. |
| 500 | |aHistorical census publications digitized by Statistics Canada |
| 520 | |aCensus and Statistics bulletins, issued as preliminary to the final volumes of the Fifth census of Canada, 1911. |
| 546 | |aBulletin I and XIV issued in English and French. |
| 692 | 07|2gccst|aCensus |
| 710 | 1 |aCanada.|bCensus and Statistics Office. |
| 710 | 1 |aCanada. |bDepartment of Trade and Commerce. |
| 775 | 08|tBulletin, cinquième recensement du Canada |w(CaOODSP)9.830984 |